Sports Quiz

Random Sports or NHL Quiz

Big 4 Team by Coach Quiz Stats

 Plays Quiz Updated Oct 17, 2018

Also try: NFL Teams by Fans
Challenge
Share
Tweet
Embed
Score 0/20 Timer 04:00
0 Plays Today
Coach Team % Correct
Luke WaltonLos Angeles Lakers
88.6%
Aaron BooneNew York Yankees
87.3%
Jason GarrettDallas Cowboys
83.3%
Dirk KoetterTampa Bay Buccaneers
82.7%
Brad AusmusDetroit Tigers
76.3%
Matt NagyChicago Bears
74.8%
Mike MaloneDenver Nuggets
70.8%
Gabe KaplerPhiladelphia Phillies
70.5%
Frank VogelOrlando Magic
69.1%
Mike MularkeyTennessee Titans
69%
Coach Team % Correct
Sean McVayLos Angeles Rams
63.9%
Jeff BanisterTexas Rangers
62.5%
Scott BrooksWashington Wizards
58.4%
John GibbonsToronto Blue Jays
48.8%
Erik SpoelstraMiami Heat
42.3%
John HinesNew Jersey Devils
38.4%
Barry TrotzWashington Capitals
31.2%
Randy CarlyleAnaheim Ducks
23.5%
Mike BabcockToronto Maple Leafs
23.2%
Todd McLellanEdmonton Oilers
14.8%

You're not logged in!

Compare scores with friends on all Sporcle quizzes.
OR
Log In

You Might Also Like...

Show Comments

Extras

Top Quizzes Today


Score Distribution

Your Account Isn't Verified!

In order to create a playlist on Sporcle, you need to verify the email address you used during registration. Go to your Sporcle Settings to finish the process.

Report this User

Report this user for behavior that violates our Community Guidelines.

Details: